THE INDIAN STAMP ACT (Record no. 32848)

MARC details
000 -LEADER
fixed length control field 00379nam a22001337a 4500
003 - CONTROL NUMBER IDENTIFIER
control field SGT
082 ## - DEWEY DECIMAL CLASSIFICATION NUMBER
Classification number 347
Item number KRI
100 ## - MAIN ENTRY--PERSONAL NAME
Personal name KRISHNAMURTHI K
245 ## - TITLE STATEMENT
Title THE INDIAN STAMP ACT
Remainder of title AN EXHAUSTIVE COMMENTARY ON THE INDIAN STAMP ACT 1899 WITH STATE AMENDMENTS RULES AND NOTIFICATIONS
250 ## - EDITION STATEMENT
Edition statement 7
260 ## - PUBLICATION, DISTRIBUTION, ETC. (IMPRINT)
Place of publication, distribution, etc NAGPUR
Name of publisher, distributor, etc WADHWA AND COMPANY
Year of Publication 1997
300 ## - PAGE DESCRIPTION
No. of Pages 1592
942 ## - ADDED ENTRY ELEMENTS (KOHA)
Source of classification or shelving scheme Dewey Decimal Classification
Koha item type Books
Holdings
Withdrawn status Lost status Source of classification or shelving scheme Damaged status Not for loan Collection code Home library Current library Shelving location Date acquired Cost, normal purchase price SGTU Total Checkouts Full call number Accession No. (Barcode) Date last seen Date last borrowed Bill Date Koha item type
    Dewey Decimal Classification     LAW SGT Science & Social Sciences Library SGT Science & Social Sciences Library Text Book 17/10/2025 895.00 SGTU 1 347 KRI FL3885 21/11/2025 21/11/2025 17/10/2025 Books